| 000 | 00376nam a2200157 4500 | ||
|---|---|---|---|
| 001 | 4507 | ||
| 005 | 20250902135816.0 | ||
| 008 | 250902b |||||||| |||| 00| 0 eng d | ||
| 020 | 0 | 0 | _a9781844676507 |
| 022 | _a9781844676507 | ||
| 090 | 0 | 0 | _a526.02 |
| 245 | 0 | 0 | _aMapping the nation : |
| 260 | 0 | 0 |
_aLondon : _bNew left review _c2014. |
| 300 | 0 | 0 | _avi 319 p. |
| 942 |
_2ddc _cMAIN |
||
| 999 |
_c10500 _d10501 |
||